|
|
|
|
| LEADER |
00000naa0a2200000 4500 |
| 001 |
594205 |
| 005 |
20250203144820.0 |
| 035 |
|
|
|a (RuTPU)RU\TPU\tpu\8617
|
| 035 |
|
|
|a RU\TPU\tpu\8615
|
| 090 |
|
|
|a 594205
|
| 100 |
|
|
|a 20020517d1986 k y0rusy50 ca
|
| 101 |
0 |
|
|a rus
|
| 102 |
|
|
|a RU
|
| 200 |
1 |
|
|a Активация сульфитного щелока хромовым ангидридом и ее влияние на брикетируемость и термомеханические свойства рудоугольных брикетов
|f В. П. Гусев
|
| 300 |
|
|
|a Деп. в ООНИИТЭХИМ, Г. Черкассы, 18.07.86, № 897-ХП-86.
|
| 463 |
|
|
|t Методы исследования в химии и химической технологии
|o материлы научно-практической конференции (Томск, 20-22 мая 1986)
|o секция "Процессы, машины и аппараты химических производств"
|v С. 18-23
|d 1986
|
| 610 |
1 |
|
|a труды учёных ТПУ
|
| 700 |
|
1 |
|a Гусев
|b В. П.
|c кандидат технических наук
|c ХТФ
|f 1946-
|3 (RuTPU)RU\TPU\pers\3598
|
| 801 |
|
2 |
|a RU
|b 63413507
|c 20100128
|g PSBO
|
| 942 |
|
|
|c BK
|